000 01064nam a2200289Ia 4500
003 OSt
005 20221005105453.0
006 a|||||r|||| 00| 0
007 ta
008 221004b |||||||| |||| 00| 0 hin d
020 _a9786326354523 (hbk)
_cINR 200.00
024 _a37522
037 _bBW/1692, 15/03/2018, Bookwell
_cTextual
040 _aCRL
_cCRL
_bhin
041 _2hin
_ahin
082 _aO152,3N3810,HE, Q6
100 _aशर्मा, शिव, ले.
245 0 _aहुजूर ए आला
246 _aHujūr e ālā
260 _aनई दिल्ली
_bभारतीय ज्ञानपीठ भारत
_c2016
300 _a133पृ0
_ccm.
490 _aलोकोदय ग्रन्थमाला; ग्रन्थांक 1278
650 _a हिन्दी साहित्य
650 _aहिन्दी कहानी
942 _hO152,3N3810,HE, Q6
_cTEXL
_2cc
999 _c1015927
_d1015927